000 00413nam a2200181Ia 4500
001 15410
005 20260306170154.0
008 260306t1974||||xx |||||||||||||| ||und||
041 _aESP
082 _a540
_bA69
100 _aArenson, Saul B.
_eAUT
245 0 _aProblemas de química
260 _c1974
300 _a202 páginas :
_c19 cm.
650 _aGEN
654 _aCCN
942 _cLIB
_dJUS
_fJUS
_2ddc
_n
999 _c15410
_d15410